La elusión constitucional : (Registro nro. 7029)
[ vista simple ]
| 000 -LEADER | |
|---|---|
| fixed length control field | 01661cam a2200301 a 4500 |
| 003 - CONTROL NUMBER IDENTIFIER | |
| control field | OSt |
| 005 - DATE AND TIME OF LATEST TRANSACTION | |
| control field | 20201209114453.0 |
| 008 - FIXED-LENGTH DATA ELEMENTS--GENERAL INFORMATION | |
| fixed length control field | 100826s2009 ck rl 000 0 spa d |
| 020 ## - INTERNATIONAL STANDARD BOOK NUMBER | |
| International Standard Book Number | 9789587380378 |
| 040 ## - CATALOGING SOURCE | |
| Original cataloging agency | CO-BoPUJ |
| Transcribing agency | CO-JMCR |
| 041 0# - LANGUAGE CODE | |
| Language code of text/sound track or separate title | spa |
| 082 04 - DEWEY DECIMAL CLASSIFICATION NUMBER | |
| Classification number | 342.03 / |
| Item number | Q71e |
| Edition number | 23 |
| 100 1# - MAIN ENTRY--PERSONAL NAME | |
| Personal name | Quinche Ramírez, Manuel Fernando, |
| Relator term | autor |
| 9 (RLIN) | 12479 |
| 245 13 - TITLE STATEMENT | |
| Title | La elusión constitucional : |
| Remainder of title | una política de evasión del control constitucional en Colombia / |
| Statement of responsibility, etc. | Manuel Fernando Quinche Ramírez |
| 250 ## - EDITION STATEMENT | |
| Edition statement | Segunda edición |
| 260 ## - PUBLICATION, DISTRIBUTION, ETC. | |
| Place of publication, distribution, etc. | Bogotá : |
| Name of publisher, distributor, etc. | Editorial Universidad del Rosario, |
| Date of publication, distribution, etc. | 2009 |
| 300 ## - PHYSICAL DESCRIPTION | |
| Extent | 258 páginas ; |
| Dimensions | 24 cm. |
| 490 0# - SERIES STATEMENT | |
| Series statement | Colección textos de jurisprudencia |
| 504 ## - BIBLIOGRAPHY, ETC. NOTE | |
| Bibliography, etc. note | Incluye referencias bibliográficas (p. 256-258). |
| 505 ## - FORMATTED CONTENTS NOTE | |
| Formatted contents note | La manipulación constitucional -- La elusión constitucional con los actos reformatorios de la Constitución -- La elusión constitucional con los tratados públicos -- Los derechos en el sistema colombiano -- La elusión constitucional mediante decretos reglamentarios -- El uso corriente y generalizado de la manipulación |
| 520 0# - SUMMARY, ETC. | |
| Summary, etc. | El tema de este texto es la elusión constitucional. Esta es una forma de manipulación constitucional, que consiste en adoptar un texto normativo correcto. |
| 610 24 - SUBJECT ADDED ENTRY--CORPORATE NAME | |
| Corporate name or jurisdiction name as entry element | Colombia |
| Title of a work | Constitución política (1991) |
| 9 (RLIN) | 12480 |
| 650 14 - SUBJECT ADDED ENTRY--TOPICAL TERM | |
| Topical term or geographic name entry element | Reformas constitucionales |
| Geographic subdivision | Colombia |
| 9 (RLIN) | 8119 |
| 650 24 - SUBJECT ADDED ENTRY--TOPICAL TERM | |
| Topical term or geographic name entry element | Control de constitucionalidad |
| Geographic subdivision | Colombia |
| 9 (RLIN) | 8135 |
| 650 24 - SUBJECT ADDED ENTRY--TOPICAL TERM | |
| Topical term or geographic name entry element | Legislación por decretos |
| Geographic subdivision | Colombia |
| 9 (RLIN) | 12481 |
| 942 ## - ADDED ENTRY ELEMENTS (KOHA) | |
| Source of classification or shelving scheme | Dewey Decimal Classification |
| Koha item type | Books |
| Withdrawn status | Lost status | Source of classification or shelving scheme | Damaged status | Not for loan | Home library | Current library | Shelving location | Date acquired | Source of acquisition | Total Checkouts | Full call number | Barcode | Date last seen | Date last checked out | Copy number | Price effective from | Koha item type |
|---|---|---|---|---|---|---|---|---|---|---|---|---|---|---|---|---|---|
| Dewey Decimal Classification | Biblioteca Pública José María del Castillo y Rada | Biblioteca Pública José María del Castillo y Rada | General Stacks | 04/15/2018 | Donación | 2 | 342.03 / Q71e | 201810194 | 05/16/2024 | 07/14/2022 | Ej.1 | 04/15/2018 | Books |